000 01053nam a22002295i 4500
001 152936
003 ES-MaACL
005 20250820135754.0
008 010713s1881 fr |||| | heb d
040 _aCAM
_bspa
_cCAM
080 _a821.411.21-31"07"
130 0 _aCalila y Dimna.
_lHebreo.
_9146170
245 1 0 _aDeux versions hébraïques du livre de Kalîlâh et Dimnâh
_b: la première accompagnée d'une traduction française /
_cpubliées d'après les manuscrits de Paris et d'Oxford par Joseph Derenbourg.
260 _aParis :
_bF. Viewg,
_c1881 (
_eVienne :
_fTyp. Adolphe Holzhausen)
300 _aX, 395 p. ;
_c26 cm.
490 1 _aBibliothéque de l'école des hautes études. Sciences philologiques et historiques ;
_v49
546 _aTexto en hebreo y traducción en francés.
700 1 _aDerenbourg, Joseph,
_d1811-1895
_9126760
830 0 0 _aBibliothèque de l'École des Hautes Études. Sciences historiques et philologiques
_v49
_9229685
852 _aES-MaACL
_jC-7585
_z-- Enc. hol.
999 _c152936
_d152936